| 000 | 00923cam a2200241 4500 | ||
|---|---|---|---|
| 001 | 608 | ||
| 005 | 20181127161730.0 | ||
| 008 | 000317s2000 nbuabf s001 0aeng | ||
| 010 | _a 00036382 | ||
| 020 | _a0803213093 (cloth : alk. paper) | ||
| 020 | _a0803261705 (pbk. : alk. paper) | ||
| 043 | _anp----- | ||
| 100 | 0 |
_aBlack Elk, _d1863-1950. |
|
| 245 | 1 | 0 |
_aBlack Elk speaks : _bbeing the life story of a holy man of the Oglala Sioux / _cby Nicholas Black Elk, as told through John G. Neihardt ; foreword by Vine Deloria, Jr. ; with illustrations by Standing Bear. |
| 260 |
_aLincoln : _bUniversity of Nebraska Press, _c1988. |
||
| 300 |
_axix, 298 p., [8] p. of plates : _bill. ; _c21 cm. |
||
| 500 | _aIncludes index. | ||
| 600 | 0 | 0 |
_aBlack Elk, _d1863-1950. |
| 650 | 0 |
_aOglala Indians _vBiography. |
|
| 650 | 0 |
_aOglala Indians _xReligion. |
|
| 650 | 0 | _aTeton Indians. | |
| 700 | 1 |
_aNeihardt, John Gneisenau, _d1881-1973. |
|
| 999 |
_c453 _d453 |
||